Δασική νομοθεσία : νομολογία κατ'άρθρο ; ενημέρωση μέχρι και Ν3229/2004 (ΦΕΚ Α' 38/10.2.2004) και ΕγκΥπΑγρΑναπτΤροφ 1099/26.10.2004

Αποθηκεύτηκε σε:
Λεπτομέρειες βιβλιογραφικής εγγραφής
Άλλοι συγγραφείς: Γεωργιάδου, Μαρία (Νομικός) (edtf)
Μορφή: Βιβλίο
Γλώσσα:Greek
Δημοσίευση: Αθήνα : Νομική Βιβλιοθήκη, 2004.
Έκδοση:2η έκδ.
Σειρά:Ελληνική νομοθεσία ; v.6
Θέματα:
Ετικέτες: Προσθήκη ετικέτας
Δεν υπάρχουν, Καταχωρήστε ετικέτα πρώτοι!

MARC

LEADER 00000cam a2200000 i 4500
001 1/75458
008 080222s2004 gr | ||| |||| ||gre||
020 |a 9602722355 
035 |l 10094922 
040 |a GR-MY-UA  |b gre  |e aacr 
041 0 |a gre 
082 7 |a 346.04675   |2 (22) 
245 0 0 |a Δασική νομοθεσία :   |b νομολογία κατ'άρθρο ; ενημέρωση μέχρι και Ν3229/2004 (ΦΕΚ Α' 38/10.2.2004) και ΕγκΥπΑγρΑναπτΤροφ 1099/26.10.2004 /   |c επιμέλεια ύλης: Μαρία Γεωργιάδου.  
250 |a 2η έκδ.  
260 |a Αθήνα :   |b Νομική Βιβλιοθήκη,   |c 2004.  
300 |a 1132 σ. ;   |c 18 εκ.  
490 1 |a (Ελληνική νομοθεσία ;   |v  vol.6)  
504 |a Ευρετήριο: σ. 925-1132.  
505 0 |a ΝΔ 86/1969 "Δασικός Κώδικας", Ν 998/1979 "περί προστασίας δασών κ.λ.π.", Ν 3208/2003 "Προστασία των δασικών οικοσυστημάτων, κατάρτιση δασολογίου κ.ά.", Διευκρινιστική Εγκύκλιος Υπ. Αγροτικής Ανάπτυξης 1099/26.10.2004 για το Ν 3208/2003, Προστασία δασών-Δημόσια δάση, Ιδιωτικά δάση-Βοσκότοποι, Επεμβάσεις σε δάση-Αυθαίρετες κατασκευές, Μεταβιβάσεις-Παραχωρήσεις δασών-Απαλλοτριώσεις, Κτηματολόγιο-Δασικοί χάρτες, Διαχείριση δασών-Δασικά προϊόντα, Δασοπροστασία-Δασοπυρόσβεση-Πυρκαγιές σε δάση-Αναδασώσεις, Δασικοί-Πυροσβεστικοί υπάλληλοι, Πολεοδομικές ρυθμίσεις-Χωροταξικός σχεδιασμός, Νομοθεσία περί γαίων της 7 Ραμαζάν (1856).  
650 0 0 |a Forestry law and legislation  |z Greece. 
700 1 |a Γεωργιάδου, Μαρία   |c (Νομικός)  |e edtf 
830 0 |a Ελληνική νομοθεσία ;  |v  v.6  
852 |a INST  |b LESVOS  |e 20080222  |h 346.04675 ΔΑΣ  |p 005100040169  |q 005100040169  |t BK  |y 0 
901 |a BIBL1-2008-1 
909 |a Λ  |b 142072 
922 |a 1ΕΛΗ  |b 200711  |c ΕΠΕΑΕΚ2/ΤΠ  |d Σ. ΠΑΤΑΚΗΣ 
970 |a ΚΑΡΑ  |b ΓΙΑΣΕΜΗ  |z 2008/02/22